[Event "Team Championship of Russia (rapid)"]
[Site "Sochi"]
[Date "2015.05.09"]
[Round "8.4"]
[White "Palchun, Grigory"]
[Black "Inarkiev, Ernesto"]
[Result "0-1"]
[LiveChessVersion "1.4.4"]
[BlackElo "2611"]
[WhiteElo "2330"]
[BlackTeam "SHSM-Our Heritage-1"]

1. d4 {[%clk 0:15:19]} Nf6 {[%clk 0:15:18]} 2. Nf3 {[%clk 0:15:28]} d5
{[%clk 0:15:19]} 3. Bf4 {[%clk 0:15:36]} c5 {[%clk 0:14:58]} 4. e3
{[%clk 0:15:45]} Nc6 {[%clk 0:15:07]} 5. c3 {[%clk 0:15:54]} e6 {[%clk 0:15:16]}
6. Nbd2 {[%clk 0:16:00]} Bd6 {[%clk 0:15:25]} 7. Bg3 {[%clk 0:16:09]} O-O
{[%clk 0:15:30]} 8. Bd3 {[%clk 0:16:14]} b6 {[%clk 0:15:35]} 9. O-O
{[%clk 0:16:17]} Bxg3 {[%clk 0:15:43]} 10. hxg3 {[%clk 0:16:26]} Bb7
{[%clk 0:15:52]} 11. Qe2 {[%clk 0:15:41]} Qc7 {[%clk 0:15:20]} 12. dxc5
{[%clk 0:15:28]} bxc5 {[%clk 0:15:28]} 13. e4 {[%clk 0:15:37]} g6
{[%clk 0:14:57]} 14. Rfe1 {[%clk 0:14:21]} Rae8 {[%clk 0:14:26]} 15. Qe3
{[%clk 0:13:02]} Qe7 {[%clk 0:13:23]} 16. Qh6 {[%clk 0:12:30]} Rd8
{[%clk 0:10:54]} 17. Ng5 {[%clk 0:09:51]} Ne5 {[%clk 0:10:53]} 18. Bc2
{[%clk 0:08:52]} Neg4 {[%clk 0:09:55]} 19. Qh4 {[%clk 0:08:58]} h6
{[%clk 0:09:47]} 20. Ngf3 {[%clk 0:07:52]} dxe4 {[%clk 0:07:22]} 21. Nxe4
{[%clk 0:06:18]} Kg7 {[%clk 0:06:31]} 22. Rad1 {[%clk 0:03:12]} Rxd1
{[%clk 0:05:23]} 23. Rxd1 {[%clk 0:03:21]} Bxe4 {[%clk 0:05:31]} 24. Bxe4
{[%clk 0:03:30]} Rd8 {[%clk 0:05:27]} 25. Rxd8 {[%clk 0:02:36]} Qxd8
{[%clk 0:05:35]} 26. Bc2 {[%clk 0:02:45]} g5 {[%clk 0:04:55]} 27. Qh3
{[%clk 0:02:06]} Qb6 {[%clk 0:04:45]} 28. Nh2 {[%clk 0:01:37]} Nxf2
{[%clk 0:02:59]} 0-1

[Event "Team Championship of Russia (rapid)"]
[Site "Sochi"]
[Date "2015.05.09"]
[Round "8.5"]
[White "Kamsky, Gata"]
[Black "Svidler, Peter"]
[Result "1-0"]
[LiveChessVersion "1.4.4"]
[BlackElo "2649"]
[WhiteElo "2675"]
[BlackTeam "The Bronze Horseman"]
[WhiteTeam "Ladya"]

1. d4 {[%clk 0:15:18]} Nf6 {[%clk 0:15:19]} 2. Nf3 {[%clk 0:15:27]} g6
{[%clk 0:15:28]} 3. c3 {[%clk 0:15:33]} Bg7 {[%clk 0:15:36]} 4. Bf4
{[%clk 0:15:41]} O-O {[%clk 0:15:24]} 5. h3 {[%clk 0:15:48]} b6 {[%clk 0:15:27]}
6. e3 {[%clk 0:15:54]} Bb7 {[%clk 0:15:36]} 7. Be2 {[%clk 0:15:39]} c5
{[%clk 0:14:54]} 8. O-O {[%clk 0:15:46]} d6 {[%clk 0:15:01]} 9. Bh2
{[%clk 0:15:51]} Nbd7 {[%clk 0:14:42]} 10. a4 {[%clk 0:15:50]} a6
{[%clk 0:14:47]} 11. Nbd2 {[%clk 0:15:22]} Ne4 {[%clk 0:14:21]} 12. Nxe4
{[%clk 0:14:35]} Bxe4 {[%clk 0:14:29]} 13. Qb3 {[%clk 0:13:55]} Nf6
{[%clk 0:14:08]} 14. Rfd1 {[%clk 0:13:40]} Qc7 {[%clk 0:14:02]} 15. Ng5
{[%clk 0:13:36]} Bd5 {[%clk 0:13:48]} 16. c4 {[%clk 0:12:22]} Bc6
{[%clk 0:13:18]} 17. d5 {[%clk 0:12:26]} Bd7 {[%clk 0:13:26]} 18. Ra3
{[%clk 0:08:40]} Rab8 {[%clk 0:12:49]} 19. Rda1 {[%clk 0:08:08]} h6
{[%clk 0:12:29]} 20. Nf3 {[%clk 0:08:16]} e6 {[%clk 0:12:34]} 21. dxe6
{[%clk 0:08:19]} Bxe6 {[%clk 0:12:43]} 22. Rd1 {[%clk 0:08:10]} Rfd8
{[%clk 0:12:51]} 23. Qc2 {[%clk 0:08:12]} Qc6 {[%clk 0:12:44]} 24. Nd2
{[%clk 0:07:38]} Bf5 {[%clk 0:10:50]} 25. Bd3 {[%clk 0:07:35]} Bxd3
{[%clk 0:10:58]} 26. Rxd3 {[%clk 0:07:42]} b5 {[%clk 0:10:26]} 27. axb5
{[%clk 0:07:20]} axb5 {[%clk 0:10:35]} 28. b3 {[%clk 0:07:28]} Rb6
{[%clk 0:08:10]} 29. Be5 {[%clk 0:07:14]} Rd7 {[%clk 0:08:06]} 30. Bxf6
{[%clk 0:07:08]} Bxf6 {[%clk 0:08:15]} 31. Rd5 {[%clk 0:07:13]} Rdb7
{[%clk 0:07:14]} 32. Qd3 {[%clk 0:05:27]} bxc4 {[%clk 0:07:15]} 33. bxc4
{[%clk 0:05:33]} Be7 {[%clk 0:07:18]} 34. Ne4 {[%clk 0:05:18]} Rb3
{[%clk 0:07:19]} 35. Qe2 {[%clk 0:05:06]} Rb1 {[%clk 0:07:27]} 36. Kh2
{[%clk 0:05:06]} Rxd1 {[%clk 0:07:16]} 37. Qxd1 {[%clk 0:05:14]} Rb6
{[%clk 0:07:23]} 38. Qc2 {[%clk 0:04:28]} Qc8 {[%clk 0:07:18]} 39. Nc3
{[%clk 0:04:23]} Qe6 {[%clk 0:07:18]} 40. Qa2 {[%clk 0:04:07]} Rb4
{[%clk 0:07:12]} 41. Nb5 {[%clk 0:03:31]} Bf6 {[%clk 0:07:16]} 42. Nc7
{[%clk 0:03:32]} Qe4 {[%clk 0:06:51]} 43. Qa8+ {[%clk 0:03:22]} Kh7
{[%clk 0:07:00]} 44. Qf8 {[%clk 0:03:28]} Be5+ {[%clk 0:07:05]} 45. Rxe5
{[%clk 0:03:04]} Qxe5+ {[%clk 0:07:13]} 46. f4 {[%clk 0:03:13]} Qh8
{[%clk 0:02:47]} 47. Qxd6 {[%clk 0:03:21]} Rxc4 {[%clk 0:02:19]} 48. Qe7
{[%clk 0:03:30]} Kg8 {[%clk 0:01:09]} 49. Ne6 {[%clk 0:03:14]} fxe6
{[%clk 0:00:57]} 50. Qxe6+ {[%clk 0:03:23]} Kg7 {[%clk 0:01:06]} 51. Qxc4
{[%clk 0:03:31]} Qc8 {[%clk 0:01:15]} 52. e4 {[%clk 0:03:33]} Qb7
{[%clk 0:01:13]} 53. Qxc5 {[%clk 0:02:00]} Qxe4 {[%clk 0:01:22]} 54. Qe5+
{[%clk 0:02:10]} Qxe5 {[%clk 0:01:30]} 55. fxe5 {[%clk 0:02:19]} g5
{[%clk 0:01:40]} 56. Kg3 {[%clk 0:02:28]} Kg6 {[%clk 0:01:49]} 57. e6
{[%clk 0:02:35]} h5 {[%clk 0:01:56]} 58. h4 {[%clk 0:02:45]} 1-0

[Event "Team Championship of Russia (rapid)"]
[Site "Sochi"]
[Date "2015.05.09"]
[Round "8.6"]
[White "Matlakov, Maxim"]
[Black "Artemiev, Vladislav"]
[Result "1-0"]
[LiveChessVersion "1.4.4"]
[BlackElo "2562"]
[WhiteElo "2647"]
[BlackTeam "Ladya"]
[WhiteTeam "The Bronze Horseman"]

1. Nf3 {[%clk 0:15:17]} g6 {[%clk 0:15:07]} 2. e4 {[%clk 0:15:10]} d6
{[%clk 0:15:15]} 3. d4 {[%clk 0:15:16]} Nf6 {[%clk 0:15:23]} 4. Nc3
{[%clk 0:15:23]} Bg7 {[%clk 0:15:31]} 5. Be2 {[%clk 0:15:29]} O-O
{[%clk 0:15:38]} 6. O-O {[%clk 0:15:36]} Nc6 {[%clk 0:15:44]} 7. d5
{[%clk 0:15:43]} Nb8 {[%clk 0:15:52]} 8. h3 {[%clk 0:15:48]} e5 {[%clk 0:15:43]}
9. dxe6 {[%clk 0:15:32]} Bxe6 {[%clk 0:15:51]} 10. Bg5 {[%clk 0:14:08]} h6
{[%clk 0:15:57]} 11. Be3 {[%clk 0:14:17]} Nc6 {[%clk 0:16:01]} 12. Qd2
{[%clk 0:14:25]} Kh7 {[%clk 0:16:09]} 13. Nd4 {[%clk 0:14:16]} Nxd4
{[%clk 0:16:05]} 14. Bxd4 {[%clk 0:14:25]} c5 {[%clk 0:14:55]} 15. Be3
{[%clk 0:14:13]} d5 {[%clk 0:15:02]} 16. Bxc5 {[%clk 0:12:25]} Nxe4
{[%clk 0:15:01]} 17. Nxe4 {[%clk 0:12:23]} dxe4 {[%clk 0:15:09]} 18. Qf4
{[%clk 0:10:57]} Re8 {[%clk 0:15:13]} 19. Bb5 {[%clk 0:11:00]} Rg8
{[%clk 0:14:58]} 20. Rad1 {[%clk 0:08:47]} Qc8 {[%clk 0:09:19]} 21. b4
{[%clk 0:07:10]} b6 {[%clk 0:08:43]} 22. Bd4 {[%clk 0:05:18]} Bxd4
{[%clk 0:05:33]} 23. Rxd4 {[%clk 0:05:27]} Qxc2 {[%clk 0:05:42]} 24. Rc1
{[%clk 0:05:30]} Qxa2 {[%clk 0:05:24]} 25. Rxe4 {[%clk 0:05:09]} Rac8
{[%clk 0:04:16]} 26. Rce1 {[%clk 0:05:17]} Qb2 {[%clk 0:02:33]} 27. Re5
{[%clk 0:04:28]} Rcd8 {[%clk 0:02:08]} 28. Bc6 {[%clk 0:03:27]} Qc3
{[%clk 0:01:11]} 29. Bf3 {[%clk 0:01:44]} Kg7 {[%clk 0:00:45]} 30. h4
{[%clk 0:00:42]} Rd4 {[%clk 0:00:37]} 31. Qg3 {[%clk 0:00:51]} Qxb4
{[%clk 0:00:14]} 32. h5 {[%clk 0:00:46]} g5 {[%clk 0:00:23]} 33. Rxe6
{[%clk 0:00:34]} fxe6 {[%clk 0:00:32]} 34. Qc7+ {[%clk 0:00:23]} Kh8
{[%clk 0:00:16]} 35. Rxe6 {[%clk 0:00:32]} Qb1+ {[%clk 0:00:16]} 36. Kh2
{[%clk 0:00:41]} Rh4+ {[%clk 0:00:16]} 37. Kg3 {[%clk 0:00:50]} Rg7
{[%clk 0:00:12]} 38. Rxh6+ {[%clk 0:00:44]} Rh7 {[%clk 0:00:21]} 39. Qe5+
{[%clk 0:00:41]} Kg8 {[%clk 0:00:30]} 40. Qe8+ {[%clk 0:00:42]} 1-0

[Event "Team Championship of Russia (rapid)"]
[Site "Sochi"]
[Date "2015.05.09"]
[Round "8.7"]
[White "Timofeev, Artyom"]
[Black "Fedoseev, Vladimir"]
[Result "1/2-1/2"]
[LiveChessVersion "1.4.4"]
[BlackElo "2659"]
[WhiteElo "2588"]
[BlackTeam "The Bronze Horseman"]
[WhiteTeam "Ladya"]

1. c4 {[%clk 0:15:17]} e5 {[%clk 0:15:17]} 2. Nc3 {[%clk 0:15:20]} Nf6
{[%clk 0:15:22]} 3. Nf3 {[%clk 0:15:28]} Nc6 {[%clk 0:15:23]} 4. d3
{[%clk 0:15:34]} b6 {[%clk 0:15:06]} 5. e3 {[%clk 0:13:19]} Bb7 {[%clk 0:15:05]}
6. Be2 {[%clk 0:13:24]} Be7 {[%clk 0:15:10]} 7. O-O {[%clk 0:13:29]} O-O
{[%clk 0:15:17]} 8. a3 {[%clk 0:13:22]} a5 {[%clk 0:14:57]} 9. b3
{[%clk 0:13:28]} d5 {[%clk 0:14:50]} 10. cxd5 {[%clk 0:13:32]} Nxd5
{[%clk 0:14:59]} 11. Bb2 {[%clk 0:13:37]} Re8 {[%clk 0:15:02]} 12. Qc2
{[%clk 0:13:40]} Bc5 {[%clk 0:14:54]} 13. Ne4 {[%clk 0:12:32]} Bf8
{[%clk 0:15:02]} 14. Rfd1 {[%clk 0:12:12]} Qe7 {[%clk 0:15:01]} 15. Rac1
{[%clk 0:12:06]} Rad8 {[%clk 0:15:02]} 16. Qc4 {[%clk 0:11:24]} g6
{[%clk 0:14:32]} 17. Bf1 {[%clk 0:09:44]} Bg7 {[%clk 0:14:20]} 18. g3
{[%clk 0:09:36]} Nb8 {[%clk 0:12:51]} 19. Bg2 {[%clk 0:08:50]} c5
{[%clk 0:12:49]} 20. Qc2 {[%clk 0:08:51]} Nd7 {[%clk 0:12:40]} 21. Re1
{[%clk 0:08:43]} Nf8 {[%clk 0:12:44]} 22. Ned2 {[%clk 0:08:34]} Nc7
{[%clk 0:11:15]} 23. Nh4 {[%clk 0:07:43]} Bxg2 {[%clk 0:11:18]} 24. Nxg2
{[%clk 0:07:42]} Nfe6 {[%clk 0:11:22]} 25. h4 {[%clk 0:07:14]} b5
{[%clk 0:10:11]} 26. Nf3 {[%clk 0:06:11]} Qd6 {[%clk 0:09:30]} 27. Red1
{[%clk 0:06:00]} Nd5 {[%clk 0:09:35]} 28. Nd2 {[%clk 0:05:29]} Qa6
{[%clk 0:09:37]} 29. Ne1 {[%clk 0:05:31]} Rc8 {[%clk 0:09:08]} 30. a4
{[%clk 0:05:29]} bxa4 {[%clk 0:09:02]} 31. bxa4 {[%clk 0:05:37]} Nb4
{[%clk 0:09:11]} 32. Qc4 {[%clk 0:05:31]} Qa8 {[%clk 0:08:54]} 33. Qe4
{[%clk 0:05:10]} Qxe4 {[%clk 0:08:25]} 34. dxe4 {[%clk 0:05:17]} f6
{[%clk 0:07:32]} 35. Nc4 {[%clk 0:05:16]} Ra8 {[%clk 0:07:40]} 36. Rd7
{[%clk 0:03:58]} Bf8 {[%clk 0:07:37]} 37. Rcd1 {[%clk 0:03:27]} Be7
{[%clk 0:06:53]} 38. Bc3 {[%clk 0:02:58]} Kf8 {[%clk 0:05:45]} 39. f4
{[%clk 0:02:44]} exf4 {[%clk 0:05:44]} 40. gxf4 {[%clk 0:02:52]} Red8
{[%clk 0:05:29]} 41. Nf3 {[%clk 0:02:30]} Rxd7 {[%clk 0:05:05]} 42. Rxd7
{[%clk 0:02:38]} Ke8 {[%clk 0:05:14]} 43. Rd2 {[%clk 0:02:14]} Ra6
{[%clk 0:05:13]} 44. Kg2 {[%clk 0:02:13]} Nd8 {[%clk 0:04:59]} 45. h5
{[%clk 0:02:10]} g5 {[%clk 0:03:33]} 46. Kh3 {[%clk 0:02:02]} Nf7
{[%clk 0:03:23]} 47. e5 {[%clk 0:01:28]} fxe5 {[%clk 0:03:03]} 48. Nfxe5
{[%clk 0:01:29]} gxf4 {[%clk 0:03:00]} 49. exf4 {[%clk 0:01:36]} Nh6
{[%clk 0:03:06]} 50. Rg2 {[%clk 0:01:19]} Rf6 {[%clk 0:03:01]} 51. Rg7
{[%clk 0:00:52]} Nd5 {[%clk 0:02:24]} 52. Bd2 {[%clk 0:00:39]} Kf8
{[%clk 0:02:22]} 53. Rg1 {[%clk 0:00:26]} Nxf4+ {[%clk 0:02:04]} 54. Kh2
{[%clk 0:00:33]} Rf5 {[%clk 0:01:58]} 55. Rf1 {[%clk 0:00:36]} Bg5
{[%clk 0:01:44]} 56. Nxa5 {[%clk 0:00:32]} Rxe5 {[%clk 0:01:34]} 57. Bxf4
{[%clk 0:00:41]} Bxf4+ {[%clk 0:01:43]} 58. Rxf4+ {[%clk 0:00:49]} Ke8
{[%clk 0:01:52]} 59. Nc4 {[%clk 0:00:29]} Rxh5+ {[%clk 0:02:00]} 60. Kg2
{[%clk 0:00:38]} Kd7 {[%clk 0:01:53]} 61. Rf6 {[%clk 0:00:24]} Ng4
{[%clk 0:01:55]} 62. Rb6 {[%clk 0:00:22]} Ne5 {[%clk 0:01:49]} 63. Ne3
{[%clk 0:00:16]} Rg5+ {[%clk 0:01:46]} 64. Kf2 {[%clk 0:00:20]} h5
{[%clk 0:01:42]} 65. a5 {[%clk 0:00:26]} Ng4+ {[%clk 0:01:14]} 66. Nxg4
{[%clk 0:00:34]} Rxg4 {[%clk 0:01:23]} 67. a6 {[%clk 0:00:34]} Kc7
{[%clk 0:01:05]} 68. Rh6 {[%clk 0:00:42]} Ra4 {[%clk 0:00:59]} 69. Ke3
{[%clk 0:00:48]} h4 {[%clk 0:01:08]} 70. Kd3 {[%clk 0:00:48]} Kb8
{[%clk 0:00:38]} 71. Rh7 {[%clk 0:00:29]} h3 {[%clk 0:00:30]} 72. Kc3
{[%clk 0:00:29]} Ra2 {[%clk 0:00:37]} 73. Kc4 {[%clk 0:00:34]} Rxa6
{[%clk 0:00:16]} 1/2-1/2

[Event "Team Championship of Russia (rapid)"]
[Site "Sochi"]
[Date "2015.05.09"]
[Round "8.8"]
[White "Khairullin, Ildar"]
[Black "Murtazin, Bulat"]
[Result "1-0"]
[LiveChessVersion "1.4.4"]
[BlackElo "2617"]
[WhiteElo "2617"]

1. d4 {[%clk 0:15:18]} d5 {[%clk 0:15:19]} 2. c4 {[%clk 0:15:26]} e6
{[%clk 0:15:28]} 3. Nc3 {[%clk 0:15:34]} Be7 {[%clk 0:15:37]} 4. cxd5
{[%clk 0:15:39]} exd5 {[%clk 0:15:46]} 5. Bf4 {[%clk 0:15:46]} c6
{[%clk 0:15:55]} 6. e3 {[%clk 0:15:54]} Bf5 {[%clk 0:16:03]} 7. g4
{[%clk 0:15:29]} Be6 {[%clk 0:16:13]} 8. h3 {[%clk 0:15:24]} Nd7 {[%clk 0:16:18]}
9. Qb3 {[%clk 0:15:12]} g5 {[%clk 0:15:56]} 10. Bg3 {[%clk 0:15:09]} Qb6
{[%clk 0:16:05]} 11. f3 {[%clk 0:14:06]} h5 {[%clk 0:16:14]} 12. Rh2
{[%clk 0:13:30]} f5 {[%clk 0:14:52]} 13. gxf5 {[%clk 0:11:56]} Bxf5
{[%clk 0:14:59]} 14. Qxb6 {[%clk 0:11:34]} axb6 {[%clk 0:14:28]} 15. e4
{[%clk 0:11:42]} dxe4 {[%clk 0:14:35]} 16. fxe4 {[%clk 0:11:50]} Bg6
{[%clk 0:14:43]} 17. O-O-O {[%clk 0:10:40]} b5 {[%clk 0:14:03]} 18. a3
{[%clk 0:10:42]} b4 {[%clk 0:13:07]} 19. axb4 {[%clk 0:10:42]} Bxb4
{[%clk 0:13:16]} 20. Nf3 {[%clk 0:08:03]} h4 {[%clk 0:08:12]} 21. Be1
{[%clk 0:08:06]} Ra1+ {[%clk 0:05:59]} 22. Kc2 {[%clk 0:07:55]} Rxd1
{[%clk 0:06:02]} 23. Kxd1 {[%clk 0:08:04]} Bh5 {[%clk 0:04:42]} 24. Be2
{[%clk 0:08:11]} Bxf3 {[%clk 0:04:51]} 25. Bxf3 {[%clk 0:08:20]} Nh6
{[%clk 0:04:41]} 26. Bd2 {[%clk 0:05:36]} Nf7 {[%clk 0:04:19]} 27. e5
{[%clk 0:05:17]} Nf8 {[%clk 0:04:22]} 28. Bg4 {[%clk 0:05:17]} Rh6
{[%clk 0:04:03]} 29. Be3 {[%clk 0:03:50]} c5 {[%clk 0:03:38]} 30. Nd5
{[%clk 0:03:48]} cxd4 {[%clk 0:02:00]} 31. Bxd4 {[%clk 0:03:54]} Ba5
{[%clk 0:02:09]} 32. Nf6+ {[%clk 0:03:35]} Kd8 {[%clk 0:01:51]} 33. Rc2
{[%clk 0:03:43]} Bc7 {[%clk 0:00:12]} 34. Bb6 {[%clk 0:03:48]} Nxe5
{[%clk 0:00:11]} 35. Bxc7+ Ke7 1-0

[Event "Team Championship of Russia (rapid)"]
[Site "Sochi"]
[Date "2015.05.09"]
[Round "8.9"]
[White "Malakhov, Vladimir"]
[Black "Zvjaginsev, Vadim"]
[Result "1/2-1/2"]
[LiveChessVersion "1.4.4"]
[BlackElo "2799"]
[WhiteElo "2729"]
[BlackTeam "SHSM-Our Heritage-2"]
[WhiteTeam "Malachite"]

1. c4 {[%clk 0:15:17]} c5 {[%clk 0:15:18]} 2. Nf3 {[%clk 0:15:24]} Nc6
{[%clk 0:15:18]} 3. Nc3 {[%clk 0:15:30]} g6 {[%clk 0:15:25]} 4. e3
{[%clk 0:15:37]} Nf6 {[%clk 0:15:30]} 5. d4 {[%clk 0:15:34]} cxd4
{[%clk 0:15:32]} 6. exd4 {[%clk 0:15:42]} d5 {[%clk 0:15:41]} 7. cxd5
{[%clk 0:15:47]} Nxd5 {[%clk 0:15:49]} 8. Qb3 {[%clk 0:15:53]} Nxc3
{[%clk 0:15:56]} 9. Bc4 {[%clk 0:15:40]} e6 {[%clk 0:16:05]} 10. bxc3
{[%clk 0:15:48]} Bg7 {[%clk 0:16:14]} 11. Ba3 {[%clk 0:15:56]} Bf8 12. Bc1
{[%clk 0:16:04]} Bg7 {[%clk 0:16:33]} 13. Ba3 Bf8 {[%clk 0:16:42]} 14. Bc1
{[%clk 0:16:21]} Bg7 1/2-1/2

[Event "Team Championship of Russia (rapid)"]
[Site "Sochi"]
[Date "2015.05.09"]
[Round "8.10"]
[White "Dubov, Daniil"]
[Black "Lysyj, Igor"]
[Result "1/2-1/2"]
[LiveChessVersion "1.4.4"]
[BlackElo "2647"]
[WhiteElo "2686"]
[BlackTeam "Malachite"]
[WhiteTeam "SHSM-Our Heritage-2"]

1. c4 {[%clk 0:15:14]} Nf6 {[%clk 0:15:17]} 2. Nc3 {[%clk 0:15:23]} c5
{[%clk 0:15:26]} 3. g3 {[%clk 0:15:26]} e6 {[%clk 0:15:35]} 4. Nf3
{[%clk 0:15:34]} b6 {[%clk 0:15:44]} 5. Bg2 {[%clk 0:15:42]} Bb7 {[%clk 0:15:53]}
6. O-O {[%clk 0:15:50]} Be7 {[%clk 0:16:01]} 7. b3 {[%clk 0:15:57]} O-O
{[%clk 0:16:02]} 8. Bb2 {[%clk 0:16:06]} d6 {[%clk 0:16:00]} 9. e3
{[%clk 0:16:14]} Nbd7 {[%clk 0:16:01]} 10. Qe2 {[%clk 0:16:21]} a6
{[%clk 0:15:46]} 11. d4 {[%clk 0:15:51]} Ne4 {[%clk 0:15:40]} 12. Rad1
{[%clk 0:15:09]} Nxc3 {[%clk 0:15:05]} 13. Bxc3 {[%clk 0:15:18]} Be4
{[%clk 0:15:03]} 14. Ne1 {[%clk 0:14:56]} Bxg2 {[%clk 0:15:05]} 15. Nxg2
{[%clk 0:15:04]} cxd4 {[%clk 0:14:06]} 16. Bxd4 {[%clk 0:14:39]} Qc7
{[%clk 0:14:03]} 17. Nf4 {[%clk 0:14:25]} Ne5 {[%clk 0:13:34]} 18. Nh5
{[%clk 0:13:53]} g6 {[%clk 0:13:08]} 19. Nf4 {[%clk 0:13:46]} b5 {[%clk 0:12:52]}
20. Rc1 {[%clk 0:13:09]} Rfc8 {[%clk 0:12:10]} 21. cxb5 {[%clk 0:11:56]} Qxc1
{[%clk 0:12:18]} 22. Rxc1 {[%clk 0:12:05]} Rxc1+ {[%clk 0:12:26]} 23. Kg2
{[%clk 0:12:15]} axb5 {[%clk 0:12:15]} 24. Qxb5 {[%clk 0:12:23]} Rxa2
{[%clk 0:11:41]} 25. Bxe5 {[%clk 0:10:38]} dxe5 {[%clk 0:11:47]} 26. Qe8+
{[%clk 0:10:46]} Bf8 {[%clk 0:11:39]} 27. Nxe6 {[%clk 0:10:55]} fxe6
{[%clk 0:11:03]} 28. Qxe6+ {[%clk 0:11:04]} Kg7 {[%clk 0:10:58]} 29. Qxe5+
{[%clk 0:11:10]} Kf7 {[%clk 0:10:36]} 30. Qd5+ {[%clk 0:11:17]} Kg7
{[%clk 0:08:47]} 1/2-1/2

[Event "Team Championship of Russia (rapid)"]
[Site "Sochi"]
[Date "2015.05.09"]
[Round "8.11"]
[White "Riazantsev, Alexander"]
[Black "Potkin, Vladimir"]
[Result "1-0"]
[LiveChessVersion "1.4.4"]
[BlackElo "2676"]
[WhiteElo "2605"]
[BlackTeam "SHSM-Our Heritage-2"]
[WhiteTeam "Malachite"]

1. d4 {[%clk 0:15:10]} d5 {[%clk 0:15:18]} 2. c4 {[%clk 0:15:16]} e6
{[%clk 0:15:26]} 3. Nf3 {[%clk 0:15:09]} Nf6 {[%clk 0:15:34]} 4. Nc3
{[%clk 0:15:18]} c6 {[%clk 0:15:41]} 5. e3 {[%clk 0:15:27]} Nbd7 {[%clk 0:15:48]}
6. a4 {[%clk 0:15:36]} Bd6 {[%clk 0:15:48]} 7. a5 {[%clk 0:15:45]} O-O
{[%clk 0:15:52]} 8. Be2 {[%clk 0:15:45]} e5 {[%clk 0:15:23]} 9. O-O
{[%clk 0:15:54]} e4 {[%clk 0:15:03]} 10. Nd2 {[%clk 0:16:02]} Nb8
{[%clk 0:14:13]} 11. f3 {[%clk 0:14:45]} Re8 {[%clk 0:12:47]} 12. fxe4
{[%clk 0:13:08]} dxe4 {[%clk 0:12:55]} 13. b3 {[%clk 0:09:06]} Qe7
{[%clk 0:10:31]} 14. c5 {[%clk 0:08:44]} Bc7 {[%clk 0:10:40]} 15. Nc4
{[%clk 0:08:48]} Nd5 {[%clk 0:10:03]} 16. Qd2 {[%clk 0:07:14]} Nd7
{[%clk 0:03:34]} 17. Ba3 {[%clk 0:07:08]} N7f6 {[%clk 0:03:22]} 18. Nd6
{[%clk 0:07:16]} Bxd6 {[%clk 0:03:28]} 19. cxd6 {[%clk 0:07:25]} Qd8
{[%clk 0:03:36]} 20. Na4 {[%clk 0:05:56]} Ng4 {[%clk 0:03:18]} 21. Bxg4
{[%clk 0:05:41]} Bxg4 {[%clk 0:03:27]} 22. Nb2 {[%clk 0:05:33]} Qg5
{[%clk 0:03:11]} 23. Rae1 {[%clk 0:05:30]} h5 {[%clk 0:03:06]} 24. Kh1
{[%clk 0:05:34]} Rad8 {[%clk 0:03:03]} 25. Nc4 {[%clk 0:05:43]} f6
{[%clk 0:03:11]} 26. Qc2 {[%clk 0:04:03]} h4 {[%clk 0:02:53]} 27. h3
{[%clk 0:04:05]} Bh5 {[%clk 0:03:01]} 28. Qf2 {[%clk 0:03:33]} Kh7
{[%clk 0:03:09]} 29. Rc1 {[%clk 0:02:46]} Bf7 {[%clk 0:02:36]} 30. Rfe1
{[%clk 0:02:40]} Be6 {[%clk 0:02:34]} 31. d7 {[%clk 0:02:16]} Rxd7
{[%clk 0:01:01]} 32. a6 {[%clk 0:02:26]} b6 {[%clk 0:00:34]} 33. Nd6
{[%clk 0:02:34]} Rxd6 {[%clk 0:00:42]} 34. Bxd6 {[%clk 0:02:43]} Bd7
{[%clk 0:00:51]} 35. Bf4 {[%clk 0:02:33]} Qh5 {[%clk 0:00:55]} 36. Bh2
{[%clk 0:02:31]} g5 {[%clk 0:00:49]} 37. Qd2 {[%clk 0:02:01]} g4 {[%clk 0:00:47]}
38. hxg4 {[%clk 0:01:53]} Qxg4 {[%clk 0:00:56]} 39. Rf1 {[%clk 0:01:37]} Rg8 40.
Rf2 Qh5 {[%clk 0:00:35]} 41. Rcf1 {[%clk 0:01:35]} Rg6 {[%clk 0:00:32]} 42. Bb8
{[%clk 0:01:37]} h3 {[%clk 0:00:19]} 43. g3 {[%clk 0:01:46]} Rg8 {[%clk 0:00:22]}
44. Bd6 {[%clk 0:01:22]} Qg4 {[%clk 0:00:30]} 45. Kh2 {[%clk 0:01:16]} Qe6
{[%clk 0:00:39]} 46. Bf4 {[%clk 0:01:25]} Qg4 {[%clk 0:00:45]} 47. Rg1
{[%clk 0:01:30]} Qe6 {[%clk 0:00:43]} 48. Rff1 {[%clk 0:01:27]} Qg4
{[%clk 0:00:48]} 49. Qc2 {[%clk 0:01:30]} Re8 {[%clk 0:00:53]} 50. Rf2
{[%clk 0:01:11]} Kg7 {[%clk 0:01:02]} 51. Qc4 {[%clk 0:01:18]} Qe6
{[%clk 0:00:37]} 52. g4 {[%clk 0:01:20]} Kg6 {[%clk 0:00:42]} 53. Rg3
{[%clk 0:01:00]} Rh8 {[%clk 0:00:50]} 54. Qf1 {[%clk 0:01:09]} Qe7
{[%clk 0:00:27]} 55. g5 {[%clk 0:01:07]} f5 {[%clk 0:00:20]} 56. Rxh3
{[%clk 0:01:07]} Rxh3+ {[%clk 0:00:17]} 57. Qxh3 {[%clk 0:01:16]} Qh7
{[%clk 0:00:14]} 58. Qxh7+ {[%clk 0:00:52]} Kxh7 59. Kg3 Kg6 {[%clk 0:00:12]} 60.
Rh2 {[%clk 0:01:11]} 1-0

[Event "Team Championship of Russia (rapid)"]
[Site "Sochi"]
[Date "2015.05.09"]
[Round "8.12"]
[White "Popov, Ivan"]
[Black "Motylev, Alexander"]
[Result "1-0"]
[LiveChessVersion "1.4.4"]
[BlackElo "2431"]
[WhiteElo "2701"]
[BlackTeam "Malachite"]
[WhiteTeam "SHSM-Our Heritage-2"]

1. e4 {[%clk 0:15:17]} c6 {[%clk 0:15:19]} 2. d4 {[%clk 0:15:23]} d5
{[%clk 0:15:28]} 3. e5 {[%clk 0:15:32]} Bf5 {[%clk 0:15:37]} 4. Nd2
{[%clk 0:15:40]} e6 {[%clk 0:15:41]} 5. Nb3 {[%clk 0:15:48]} Nd7 {[%clk 0:15:40]}
6. Nf3 {[%clk 0:15:56]} a6 {[%clk 0:15:46]} 7. Be3 {[%clk 0:15:46]} Rc8
{[%clk 0:15:50]} 8. c3 {[%clk 0:15:53]} c5 {[%clk 0:15:50]} 9. dxc5
{[%clk 0:16:01]} Bxc5 {[%clk 0:15:51]} 10. Nxc5 {[%clk 0:16:00]} Nxc5
{[%clk 0:16:00]} 11. Nd4 {[%clk 0:16:02]} Bg6 {[%clk 0:16:06]} 12. Be2
{[%clk 0:15:45]} Ne7 {[%clk 0:16:13]} 13. O-O {[%clk 0:15:27]} b5
{[%clk 0:16:13]} 14. a4 {[%clk 0:13:58]} bxa4 {[%clk 0:15:47]} 15. Bxa6
{[%clk 0:13:36]} Nxa6 {[%clk 0:15:35]} 16. Qxa4+ {[%clk 0:13:43]} Qd7
{[%clk 0:15:43]} 17. Qxd7+ {[%clk 0:13:25]} Kxd7 {[%clk 0:15:50]} 18. Rxa6
{[%clk 0:13:34]} Nc6 {[%clk 0:14:21]} 19. Rfa1 {[%clk 0:12:33]} Nxd4
{[%clk 0:12:49]} 20. Rd6+ {[%clk 0:11:30]} Ke7 {[%clk 0:11:02]} 21. Ra7+
{[%clk 0:11:28]} Kf8 {[%clk 0:11:11]} 22. Bxd4 {[%clk 0:11:29]} h5
{[%clk 0:10:53]} 23. b4 {[%clk 0:11:12]} Kg8 {[%clk 0:10:28]} 24. b5
{[%clk 0:11:18]} Kh7 {[%clk 0:10:23]} 25. b6 {[%clk 0:11:20]} Rhe8
{[%clk 0:08:03]} 26. f3 {[%clk 0:11:17]} Rb8 {[%clk 0:07:03]} 27. Rdd7
{[%clk 0:10:41]} Kh6 {[%clk 0:06:36]} 28. b7 {[%clk 0:09:57]} Bd3
{[%clk 0:06:05]} 29. Bc5 {[%clk 0:09:57]} 1-0